| 000 | 01891nam a2200349 a 4500 | ||
|---|---|---|---|
| 001 | ebr10370002 | ||
| 003 | CaPaEBR | ||
| 006 | m u | ||
| 007 | cr cn||||||||| | ||
| 008 | 081230s2009 mnu sb 001 0 eng | ||
| 010 | _z 2008054713 | ||
| 020 | _z9780980200416 (acid-free paper) | ||
| 040 |
_aCaPaEBR _cCaPaEBR |
||
| 035 | _a(OCoLC)647884594 | ||
| 050 | 1 | 4 |
_aPN6084.L52 _bL58 2009eb |
| 082 | 0 | 4 |
_a020 _222 |
| 100 | 1 | _aLitwin, Rory. | |
| 245 | 1 | 0 |
_aSpeaking of information _h[electronic resource] : _bthe Library juice quotation book / _ccompiled by Rory Litwin ; edited by Martin Wallace ; foreword by Michael Gorman. |
| 260 |
_aDuluth, Minn. : _bLibrary Juice Press, _c2009. |
||
| 300 | _axv, 154 p. | ||
| 504 | _aIncludes bibliographical references and index. | ||
| 505 | 0 | _aOn libraries -- Information technology -- Information control -- Censorship -- Copyright -- Data, information, knowledge & other wisdom -- Information overload -- On librarians -- Guardians of history -- Social responsibility -- Neutrality -- Liberty or slavery -- Truth & lie -- Secrecy. | |
| 520 | _a"A compilation of quotations originally collected for the 'Quotes of the Week' section of Library Juice, an electronic magazine that dealt with philosophical and political dimensions of librarianship"--Provided by publisher. | ||
| 533 |
_aElectronic reproduction. _bPalo Alto, Calif. : _cebrary, _d2013. _nAvailable via World Wide Web. _nAccess may be limited to ebrary affiliated libraries. |
||
| 650 | 0 |
_aLibrary science _vQuotations, maxims, etc. |
|
| 650 | 0 |
_aInformation science _vQuotations, maxims, etc. |
|
| 655 | 7 |
_aElectronic books. _2local |
|
| 700 | 1 |
_aWallace, Martin, _d1973- |
|
| 710 | 2 | _aebrary, Inc. | |
| 730 | 0 | _aLibrary juice. | |
| 856 | 4 | 0 |
_uhttp://site.ebrary.com/lib/rucke/Doc?id=10370002 _zAn electronic book accessible through the World Wide Web; click to view |
| 999 |
_c110227 _d110227 |
||